Szegedi filmek helyi vetítéséről
Elmentve itt :
| Szerző: | |
|---|---|
| Dokumentumtípus: | Cikk |
| Megjelent: |
1964-04-12
|
| Sorozat: | Délmagyarország
54 No. 85 |
| Kulcsszavak: | Filmvetítés Szeged 1964, kisfilm, amatőrfilm |
| Online Access: | http://dmarchiv.bibl.u-szeged.hu/75442 |
| LEADER | 00487nab a2200157 i 4500 | ||
|---|---|---|---|
| 001 | delm75442 | ||
| 005 | 20180928084333.0 | ||
| 008 | 180928s1964 hu o 0|| hun d | ||
| 040 | |a SZTE Délmagyarország Archívum |b hun | ||
| 041 | |a hun | ||
| 100 | 1 | |a Gács György | |
| 245 | 1 | 0 | |a Szegedi filmek helyi vetítéséről |h [elektronikus dokumentum] / |c Gács György |
| 260 | |c 1964-04-12 | ||
| 300 | |a 11 | ||
| 490 | 0 | |a Délmagyarország |v 54 No. 85 | |
| 695 | |a Filmvetítés Szeged 1964, kisfilm, amatőrfilm | ||